MARC details
| 000 -LEADER |
| fixed length control field |
01011nam a2200265Ia 4500 |
| 003 - CONTROL NUMBER IDENTIFIER |
| control field |
IN-BaIIA |
| 008 - FIXED-LENGTH DATA ELEMENTS--GENERAL INFORMATION |
| fixed length control field |
211028s9999 xx 000 0 eng d |
| 020 ## - INTERNATIONAL STANDARD BOOK NUMBER |
| International Standard Book Number |
90-277-0246-2 |
| 040 ## - CATALOGING SOURCE |
| Transcribing agency |
IIA Library |
| 080 ## - UNIVERSAL DECIMAL CLASSIFICATION NUMBER |
| Universal Decimal Classification number |
082.2:52 |
| Item number |
IAU-S49 |
| 110 ## - MAIN ENTRY--CORPORATE NAME |
| Corporate name or jurisdiction name as entry element |
Intenational Astronomical Union |
| 9 (RLIN) |
7665 |
| 111 ## - MAIN ENTRY--MEETING NAME |
| Meeting name or jurisdiction name as entry element |
Intenational Astronomical Union symposium |
| Number of part/section/meeting |
49th |
| Location of meeting |
Argentina |
| Date of meeting or treaty signing |
1971 Aug. 9-14 |
| 9 (RLIN) |
7666 |
| 245 #0 - TITLE STATEMENT |
| Title |
Wolf-rayet and high-temperature stars |
| Remainder of title |
proceedings of the IAU Symposium no.49 held in Buenos Aires, Argentina, August 9-14, 1971 |
| Statement of responsibility, etc. |
edited by M. K. V. Bappu and J. Sahade |
| 260 ## - PUBLICATION, DISTRIBUTION, ETC. |
| Place of publication, distribution, etc. |
Dordrecht |
| Name of publisher, distributor, etc. |
D. Reidel Publishing |
| Date of publication, distribution, etc. |
1973 |
| 300 ## - PHYSICAL DESCRIPTION |
| Extent |
xiv, 263p. |
| 490 ## - SERIES STATEMENT |
| Series statement |
IAU Symposium; no. 49 |
| 650 ## - SUBJECT ADDED ENTRY--TOPICAL TERM |
| Topical term or geographic name entry element |
Astronomy and Astrophysics Thesaurus |
| 650 ## - SUBJECT ADDED ENTRY--TOPICAL TERM |
| Topical term or geographic name entry element |
Circumstellar envelopes |
| 9 (RLIN) |
3685 |
| 650 ## - SUBJECT ADDED ENTRY--TOPICAL TERM |
| Topical term or geographic name entry element |
High temperature stars |
| 9 (RLIN) |
7667 |
| 650 ## - SUBJECT ADDED ENTRY--TOPICAL TERM |
| Topical term or geographic name entry element |
Wolf rayet stars |
| 9 (RLIN) |
7146 |
| 700 ## - ADDED ENTRY--PERSONAL NAME |
| Personal name |
Bappu, M. K. V., ed. |
| 9 (RLIN) |
7668 |
| 700 ## - ADDED ENTRY--PERSONAL NAME |
| Personal name |
Sahade, J., ed. |
| 9 (RLIN) |
7669 |
| 710 ## - ADDED ENTRY--CORPORATE NAME |
| Corporate name or jurisdiction name as entry element |
Intenational Astronomical Union |
| 9 (RLIN) |
7665 |
| 942 ## - ADDED ENTRY ELEMENTS (KOHA) |
| Koha item type |
Books |